L'art romantique

Salvato in:
Dettagli Bibliografici
Autore principale: Hegel, Georg Wilhelm Friedrich (autor)
Natura: Libro
Lingua:francese
Pubblicazione: París Aubier-Montaigne 1964
Serie:Esthétique. La philosophie en Poche, 5
Soggetti:
Tags: Aggiungi Tag
Nessun Tag, puoi essere il primo ad aggiungerne!!

MARC

LEADER 00000nam a2200000 a 4500
001 UCZ3833
003 CL-VaPUC
008 951027e19640000FR |||||||||||||||||fre|d
082 0 4 |a 111.85  |b HEG  |2 21 
100 |a Hegel, Georg Wilhelm Friedrich  |e autor  |9 580639 
245 1 2 |a L'art romantique 
300 |a 158 p 
942 |c BK 
945 |d 19951027 00:00:00  |a cmena 
260 |a París  |b Aubier-Montaigne  |c 1964 
650 0 |a Estética   |9 264950 
650 0 |a Filosofía alemana   |9 265002 
650 0 |a Escuelas filosóficas   |9 266232 
650 0 |a Artes  |9 268202 
583 |a last modification  |c 19951027 00:00:00  |k Rodrigo Vera 
490 0 |a Esthétique. La philosophie en Poche, 5 
999 |c 240280  |d 240278 
952 |0 0  |1 0  |4 0  |6 111_850000000000000_HEG_1964  |7 0  |8 P  |9 252090  |a BIBEDU  |b BIBEDU  |c BIBEDU_PB  |d 2019-11-18  |i 159219K  |o 111.85 HEG 1964  |p 159219K  |r 2024-01-25  |w 2019-11-18  |y BK  |k FIL 
952 |0 0  |1 0  |4 0  |6 111_850000000000000_HEG_1964  |7 0  |8 P  |9 252091  |a BIBEDU  |b BIBEDU  |c BIBEDU_PB  |d 2019-11-18  |i 1592203  |o 111.85 HEG 1964  |p 1592203  |r 2024-01-25  |w 2019-11-18  |y BK  |k FIL